The journal of real estate portfolio management

Bibliographic Details
Corporate Author: American Real Estate Society
Format: Unknown
Language:English
Published: Grand Forks, ND : American Real Estate Society,
Subjects:
Online Access:Acceso restringido

MARC

LEADER 00000ny a22000003n 4500
003 EbpS
005 20110512123848.0
006 m d ||||||
007 cr anunnnuuuaa
008 060206s us 000 eng d
022 |a 1083-5547 
022 |a 1573-8809 
035 |a 3720 
040 |d vLex 
050 0 0 |a HD251  |b .J677 
050 0 0 |a HD251  |b .J677 
090 |c 1777  |d 1777 
245 0 4 |a The journal of real estate portfolio management  |h [Recurso electrn̤ico] 
246 3 0 |a Real estate portfolio management 
256 |a Servicio en ln̕ea 
260 |a Grand Forks, ND :  |b American Real Estate Society, 
310 |a Cuatrimestral 
500 |a "A publication of the American Real Estate Society." 
500 |a Latest issue consulted: Vol. 8, no. 1 (Jan./Apr. 2002) 
500 |a Titulo de la cubierta 
506 1 |a Contenido solo disponible en los productos indicados  |d vLex Global  |d vLex Global (Academic Edition, excluding Law Schools)  |d vLex Global (U.S. Academic Edition, excluding Law Schools) 
650 0 4 |a Inmuebles  |x Inversiones  |z Estados Unidos  |x Publicaciones perid̤icas 
650 0 4 |a Real Estate  
710 2 |a American Real Estate Society 
740 0 |a vLex Revista (Servicios en ln̕ea) 
843 |a Electrn̤ica. Abierta 
853 |8 1  |i (year)  |j (month)  |k (day) 
856 4 0 |u http://vlex.com/source/3720  |z Acceso restringido 
942 |c REV 
999 0 |a Portfolio management  |z United States  |v Periodicals 
999 0 |a Real estate investment  |z United States  |v Periodicals